<?xml version="1.0" encoding="UTF-8"?>
<collection xmlns="http://www.loc.gov/MARC21/slim">
 <record>
  <leader>01121pamaa2200229   4500</leader>
  <controlfield tag="001">0000046395</controlfield>
  <controlfield tag="005">20130117090000.0</controlfield>
  <controlfield tag="008">091203                             eng  </controlfield>
  <datafield tag="020" ind1="0" ind2="0">
   <subfield code="a">1841161268 </subfield>
  </datafield>
  <datafield tag="090" ind1="0" ind2="0">
   <subfield code="a">HF5816 </subfield>
   <subfield code="b">ADV 2003</subfield>
  </datafield>
  <datafield tag="245" ind1="1" ind2="0">
   <subfield code="a">Advertising works 12 : </subfield>
   <subfield code="b">proving the effectiveness of marketing communications : </subfield>
   <subfield code="b">proving the effectiveness of marketing communications : </subfield>
   <subfield code="b">cases from the IPA effectiveness Awards 2002  </subfield>
   <subfield code="c">edited and introduced by Marco Rimini.</subfield>
  </datafield>
  <datafield tag="260" ind1="0" ind2="0">
   <subfield code="a">Henley-on-Thames: </subfield>
   <subfield code="b">World Advertising Research Center, </subfield>
   <subfield code="c">2003.</subfield>
  </datafield>
  <datafield tag="300" ind1=" " ind2=" ">
   <subfield code="a">xxi, 666 p.: </subfield>
   <subfield code="b">ill.; </subfield>
   <subfield code="c">26 cm.</subfield>
  </datafield>
  <datafield tag="440" ind1="0" ind2="0">
   <subfield code="a">Published in association with the IPA</subfield>
  </datafield>
  <datafield tag="500" ind1="0" ind2="0">
   <subfield code="a">Includes 1 CD-ROM titled &quot;Advertising works 12 : proving the effectiveness of marketing communications ; cases from the IPA effectiveness Awards 2002 / cedited and introduced by Marco Rimini&quot;</subfield>
  </datafield>
  <datafield tag="501" ind1="0" ind2="0">
   <subfield code="a">BBDUH</subfield>
  </datafield>
  <datafield tag="501" ind1="0" ind2="0">
   <subfield code="a">BATUH</subfield>
  </datafield>
  <datafield tag="504" ind1="0" ind2="0">
   <subfield code="a">Includes bibliographical references and index</subfield>
  </datafield>
  <datafield tag="650" ind1="0" ind2="0">
   <subfield code="a">Advertising -- </subfield>
   <subfield code="x">Awards -- </subfield>
   <subfield code="x">Case studies -- </subfield>
   <subfield code="z">Great Britain </subfield>
  </datafield>
  <datafield tag="700" ind1="1" ind2="1">
   <subfield code="a">Rimini, </subfield>
   <subfield code="h">Marco </subfield>
  </datafield>
  <datafield tag="710" ind1="2" ind2="1">
   <subfield code="a">World Advertising Research Centre </subfield>
  </datafield>
  <datafield tag="901" ind1=" " ind2=" ">
   <subfield code="u">www.warc.com</subfield>
  </datafield>
 </record>
</collection>
